[Event "Oberliga Baden 1314"]
[Site "Germany"]
[Date "2014.02.09"]
[Round "6.2"]
[White "Wirthensohn, Heinz"]
[Black "Kaenel, Hansjuerg"]
[Result "1/2-1/2"]
[WhiteElo "2338"]
[BlackElo "2315"]
[PlyCount "30"]
[EventDate "2013.10.13"]
[EventType "team-tourn"]
[EventRounds "9"]
[EventCountry "GER"]
[SourceTitle "EXT 2015"]
[Source "ChessBase"]
[SourceDate "2014.11.20"]
[SourceVersion "1"]
[SourceVersionDate "2014.11.20"]
[SourceQuality "1"]
[WhiteTeam "Waldshut"]
[BlackTeam "Dreisamtal"]
[WhiteTeamCountry "GER"]
[BlackTeamCountry "GER"]

1. d4 Nf6 2. Nf3 b6 3. Bg5 Ne4 4. Bh4 g6 5. Nbd2 Nxd2 6. Qxd2 Bg7 7. e4 d6 8. c3 Bb7 9. Bd3 Nd7 10. 0-0 0-0 11. Bg5 f6 12. Bh6 e5 13. Bxg7 Kxg7 14. Qc2 Qe7 15. Nd2 c5 1/2-1/2

[Event "Oberliga Baden 1314"]
[Site "Germany"]
[Date "2013.11.10"]
[Round "2.1"]
[White "Kaenel, Hansjuerg"]
[Black "Pfrommer, Christoph"]
[Result "1/2-1/2"]
[WhiteElo "2313"]
[BlackElo "2363"]
[PlyCount "115"]
[EventDate "2013.10.13"]
[EventType "team-tourn"]
[EventRounds "9"]
[EventCountry "GER"]
[SourceTitle "EXT 2015"]
[Source "ChessBase"]
[SourceDate "2014.11.20"]
[SourceVersion "1"]
[SourceVersionDate "2014.11.20"]
[SourceQuality "1"]
[WhiteTeam "Dreisamtal"]
[BlackTeam "Karlsruhe"]
[WhiteTeamCountry "GER"]
[BlackTeamCountry "GER"]

1. Nf3 d5 2. e3 Nf6 3. c4 e6 4. b3 Be7 5. Bb2 0-0 6. Be2 c5 7. 0-0 Nc6 8. cxd5 Nxd5 9. d3 b6 10. a3 Bb7 11. Nbd2 Bf6 12. Qc2 Bxb2 13. Qxb2 Qf6 14. Qxf6 Nxf6 15. Rfc1 Rfd8 16. Ne1 Nd5 17. g3 Kf8 18. Ne4 Ke7 19. Nc3 Nxc3 20. Rxc3 Rd7 21. Rac1 Nd8 22. b4 cxb4 23. axb4 a5 24. b5 e5 25. f4 f6 26. fxe5 fxe5 27. Bg4 Ne6 28. Nf3 Bxf3 29. Bxf3 Rad8 30. Be4 Nc5 31. Rxc5 bxc5 32. Rxc5 Rxd3 33. Bxd3 Rxd3 34. b6 Rb3 35. Rxe5+ Kf6 36. Rxa5 Rxb6 37. g4 Rb2 38. Rf5+ Ke6 39. Rf2 Rb3 40. Rf3 Rb2 41. h3 g5 42. Rf2 Rb1+ 43. Kg2 Re1 44. Kf3 Rh1 45. Kg2 Re1 46. Rf8 Ke7 47. Rh8 Rxe3 48. Rxh7+ Kf6 49. Rh6+ Kg7 50. Ra6 Rb3 51. Ra5 Kg6 52. Rf5 Ra3 53. Rf3 Rxf3 54. Kxf3 Kf7 55. Ke3 Ke7 56. Kd3 Kd7 57. Kc4 Kc6 58. Kd4 1/2-1/2

[Event "SUI-ch 113th"]
[Site "Graechen"]
[Date "2013.07.15"]
[Round "5"]
[White "Zahn, Alina"]
[Black "Kaenel, Hansjuerg"]
[Result "1/2-1/2"]
[WhiteElo "1962"]
[BlackElo "2319"]
[PlyCount "129"]
[EventDate "2013.07.11"]
[EventType "swiss"]
[EventRounds "9"]
[EventCountry "SUI"]
[SourceTitle "CBM 155 Extra"]
[Source "ChessBase"]
[SourceDate "2013.08.26"]
[SourceVersion "1"]
[SourceVersionDate "2013.08.26"]
[SourceQuality "1"]

1. e4 c5 2. Nf3 e6 3. d4 cxd4 4. Nxd4 Nc6 5. Nc3 Qc7 6. f4 Nxd4 7. Qxd4 a6 8. Be3 b5 9. 0-0-0 Bb7 10. Kb1 Rc8 11. Bd3 Nf6 12. e5 Nd5 13. Ne4 Nxe3 14. Qxe3 Bxe4 15. Bxe4 Rd8 16. Qf3 g6 17. h4 h5 18. Rd3 d5 19. exd6 Rxd6 20. Rc3 Qb6 21. Rd1 Rxd1+ 22. Qxd1 Bc5 23. b4 Bd4 24. Rc6 Qa7 25. c3 Bf6 26. Qd6 Qd7 27. Rc8+ Qxc8 28. Bc6+ Qxc6 29. Qxc6+ Kf8 30. Qxa6 Kg7 31. Qxb5 Bxc3 32. Qc4 Bf6 33. g3 Rd8 34. a4 e5 35. fxe5 Bxe5 36. b5 f6 37. Qb3 Rc8 38. Qe6 Rc3 39. g4 hxg4 40. Qxg4 f5 41. Qb4 Kf6 42. b6 Rc8 43. a5 f4 44. a6 f3 45. b7 Rc6 46. b8Q Bxb8 47. Qxb8 Rxa6 48. Qf8+ Ke5 49. Qc5+ Kf6 50. Qd4+ Ke7 51. Qe4+ Re6 52. Qxf3 Rf6 53. Qb7+ Kf8 54. Kc2 Kg8 55. Kd3 Rf5 56. Ke4 Kh8 57. Qe7 Kg8 58. Qe8+ Kg7 59. Qe7+ Kg8 60. Qe8+ Kg7 61. Qd7+ Kg8 62. Qd8+ Kg7 63. Qc7+ Kg8 64. Qd8+ Kg7 65. Qe7+ 1/2-1/2